El desarrollo económico y la poítica fiscal (Registro nro. 6701)
[ vista simple ]
| 000 -LEADER | |
|---|---|
| fixed length control field | 01471 a2200193 4500 |
| 001 - CONTROL NUMBER | |
| control field | 59479 |
| 005 - DATE AND TIME OF LATEST TRANSACTION | |
| control field | 20260407155849.0 |
| 008 - FIXED-LENGTH DATA ELEMENTS--GENERAL INFORMATION | |
| fixed length control field | 260407a1966 arg spa d |
| 003 - CONTROL NUMBER IDENTIFIER | |
| control field | AR-UNSa-BCEJYS |
| 040 ## - CATALOGING SOURCE | |
| Original cataloging agency | AR-UNSa-BCEJYS |
| Language of cataloging | spa |
| Transcribing agency | AR-UNSa-BCEJYS |
| 080 ## - UNIVERSAL DECIMAL CLASSIFICATION NUMBER | |
| Universal Decimal Classification number | 330.34 |
| Common auxiliary subdivision | Desarrollo Económico |
| 100 1# - MAIN ENTRY--PERSONAL NAME | |
| Personal name | Forino, Sabatino A. |
| 245 10 - TITLE STATEMENT | |
| Title | El desarrollo económico y la poítica fiscal |
| 264 #1 - PRODUCTION, PUBLICATION, DISTRIBUTION, MANUFACTURE, AND COPYRIGHT NOTICE | |
| Place of production, publication, distribution, manufacture | Buenos Aires : |
| Name of producer, publisher, distributor, manufacturer | Ediciones Macchi |
| Date of production, publication, distribution, manufacture, or copyright notice | 1966 |
| 300 ## - PHYSICAL DESCRIPTION | |
| Extent | 226 p. |
| Dimensions | 23 cm. |
| 505 ## - FORMATTED CONTENTS NOTE | |
| Formatted contents note | Primera Parte: Las ideas y doctrinas que vinculan a la política fiscal con el desarrollo económico: 1. De las finanzas públicas a la política fiscal como integrante de la política económica - Segunda Parte: Examen crítico de la evolución de las finanzas públicas nacionales: 2. Historia y evolución de las finanzas públicas nacionales hasta 1930 - 3. La reestructuración financiera posterior a 1930 - 4. El ordenamiento financiero inaugurado en 1946 - 5. Los orígenes de la situación actual - Tercera Parte: La incompatibilidad de la política fiscal argentina con el desarrollo global de la economía y proposiciones para superarla: 6. Las características mas notorias en la evolución de las finanzas públicas nacionales - 7. Observaciones acerca de las características y los efectos económicos de la política fiscal - 8. Proposiciones para compatibilizar la política fiscal con el desarrollo económico |
| 590 ## - LOCAL NOTE (RLIN) | |
| Local note | niveau_biblio:m niveau_hierar:0 |
| 942 ## - ADDED ENTRY ELEMENTS (KOHA) | |
| Koha item type | |
| Withdrawn status | Lost status | Damaged status | Not for loan | Home library | Current library | Shelving location | Date acquired | Total checkouts | Full call number | Barcode | Date last seen | Price effective from | Koha item type |
|---|---|---|---|---|---|---|---|---|---|---|---|---|---|
| Biblioteca Prof. Eusebio Cleto del Rey | Biblioteca Prof. Eusebio Cleto del Rey | 07/04/2026 | 330.34 F692 | L24078 | 07/04/2026 | 07/04/2026 | Libro | ||||||
| Biblioteca Prof. Eusebio Cleto del Rey | Biblioteca Prof. Eusebio Cleto del Rey | 07/04/2026 | 330.34 F692 | L24079 | 07/04/2026 | 07/04/2026 | Libro |